| 000 | 00604nam a22001697a 4500 | ||
|---|---|---|---|
| 003 | OSt | ||
| 005 | 20250905090541.0 | ||
| 008 | 250905b |||||||| |||| 00| 0 eng d | ||
| 040 |
_aDWC-Main Lib _cOC |
||
| 082 | _aFil. 271.971 Z997e 2005 | ||
| 100 | _aSzentmartoni, Mihaly S.J | ||
| 245 |
_aEven then will trust: _bblessed Mary Teresa of St. Joseph/ _cMihaly Szentmartoni S.J |
||
| 260 |
_aUnited States : _bCarmelita Sisters of the Divine Heart of Jesus, _cc2005. |
||
| 300 |
_a211 pages : _billustrations ; _c23cm. |
||
| 650 | _a1. Mary Teresa of St. Joseph, Mother. | ||
| 942 |
_2ddc _cBK - FIL _kFil. _n0 |
||
| 999 |
_c4465 _d4465 |
||